| 000 | 01065nam a22002297a 4500 | ||
|---|---|---|---|
| 003 | OSt | ||
| 005 | 20181127103637.0 | ||
| 008 | 180301b xxu||||| |||| 00| 0 spa d | ||
| 020 | _a9502004701 | ||
| 040 | _cPJ | ||
| 100 |
_91641 _aBasaldúa, Ricardo Xavier |
||
| 245 | 1 | 0 |
_aIntroducción al derecho aduanero : _bconcepto y contenido / _cRicardo Xavier Basaldua. |
| 260 |
_aBuenos Aires : _bAbeledo-Perrot, _c1988. |
||
| 300 |
_a229 p. _c22 cm. |
||
| 500 | _aNotas y citas a pie de página. | ||
| 504 | _aBibliografía: p. 215-222. | ||
| 505 | _aContenido: I: Introducción -- II. Investigación histórica -- III: Contenido del derecho aduanero en las legislaciones aduaneras y en el ámbito internacional -- IV: Presupuestos o elementos básicos del derecho aduanero -- V: La aduana -- VI: Contenido histórico o contingente del derecho aduanero -- VII: Contenido necesario o esencial del derecho aduanero . | ||
| 650 | 0 |
_93232 _aDERECHO ADUANERO |
|
| 650 | 0 |
_93233 _aSERVICIO ADUANERO |
|
| 650 | 0 |
_93235 _aADUANAS |
|
| 942 |
_2udc _cLIB _h339.543 _iBAS |
||
| 999 |
_c2080 _d2080 |
||